Nie zaznaczaj artystów AI (po zdjęciu) - Statystyki

Ogólne statystyki
  • Ten quiz został rozwiązany 33 razy
  • Średni wynik to 4 z 8
Answers on the Grid
Answers color-coded by a green-red scale on the quiz's grid according to % correct below.
 
Statystyki odpowiedzi
Odpowiedź % Poprawnych
Kiss Cam - Mata
85%
Taylor Swift
74%
Skolim - Wyglądasz Idealnie
70%
Selena Gomez
70%
David Guetta
48%
Pac-Man - Gorillaz
41%
Catch the Moment - LISA
33%
Mel Croucher
19%
Nie znaleziono quizów pasujących do podanych kryteriów
Rozkład punktacji
Procent ludzi z każdym wynikiem
Percentyl według liczby udzielonych odpowiedzi
Twoja historia wyników
Nie rozwiązałeś tego quizu